Textbook of Applied Sociology and Psychology for BSc Nursing Students (Record no. 158703)
[ view plain ]
| 000 -LEADER | |
|---|---|
| fixed length control field | 00496nam a2200181Ia 4500 |
| 003 - CONTROL NUMBER IDENTIFIER | |
| control field | OSt |
| 005 - DATE AND TIME OF LATEST TRANSACTION | |
| control field | 20250814141627.0 |
| 008 - FIXED-LENGTH DATA ELEMENTS--GENERAL INFORMATION | |
| fixed length control field | 230411s9999 xx 000 0 und d |
| 020 ## - INTERNATIONAL STANDARD BOOK NUMBER | |
| International Standard Book Number | 978-93-90619-54-2 |
| 041 ## - LANGUAGE CODE | |
| Language code of text/sound track or separate title | eng |
| 082 ## - DEWEY DECIMAL CLASSIFICATION NUMBER | |
| Classification number | SO/301/PRA/B09886 |
| 100 ## - MAIN ENTRY--PERSONAL NAME | |
| Personal name | Prakash P |
| 245 ## - TITLE STATEMENT | |
| Title | Textbook of Applied Sociology and Psychology for BSc Nursing Students |
| 260 ## - PUBLICATION, DISTRIBUTION, ETC. (IMPRINT) | |
| Name of publisher, distributor, etc. | CBS Publishers & Distributors |
| Place of publication, distribution, etc. | New Delhi |
| Date of publication, distribution, etc. | 2022 |
| 300 ## - PHYSICAL DESCRIPTION | |
| Extent | 544p |
| 942 ## - ADDED ENTRY ELEMENTS (KOHA) | |
| Source of classification or shelving scheme | Dewey Decimal Classification |
| Koha item type | Books |
| Withdrawn status | Lost status | Damaged status | Not for loan | Collection code | Home library | Current library | Date acquired | Vendor | Cost, normal purchase price | Bill number | Full call number | Barcode | Date last seen | Cost, replacement price | Bill Date | Koha item type | Original Barcode | Total Checkouts | Total Renewals | Checked out | Date last checked out |
|---|---|---|---|---|---|---|---|---|---|---|---|---|---|---|---|---|---|---|---|---|---|
| Reference | Smt. Bakul Tambat Institute of Nursing Education | Smt. Bakul Tambat Institute of Nursing Education | 17/12/2022 | Patil Medical Book House | 550.00 | 7413 | SO 301 PRA B09886 | BTIN-BK-9886 | 11/04/2023 | 363.00 | 15/12/2022 | Books | B09886 | ||||||||
| Smt. Bakul Tambat Institute of Nursing Education | Smt. Bakul Tambat Institute of Nursing Education | 17/12/2022 | Patil Medical Book House | 550.00 | 7413 | SO 301 PRA B09887 | BTIN-BK-9887 | 05/02/2026 | 363.00 | 15/12/2022 | Books | B09887 | 8 | 1 | 12/02/2026 | 05/02/2026 | |||||
| Smt. Bakul Tambat Institute of Nursing Education | Smt. Bakul Tambat Institute of Nursing Education | 17/12/2022 | Patil Medical Book House | 550.00 | 7413 | SO 301 PRA B09888 | BTIN-BK-9888 | 20/03/2026 | 363.00 | 15/12/2022 | Books | B09888 | 14 | 3 | 07/04/2026 | 20/03/2026 | |||||
| Smt. Bakul Tambat Institute of Nursing Education | Smt. Bakul Tambat Institute of Nursing Education | 17/12/2022 | Patil Medical Book House | 550.00 | 7413 | SO 301 PRA B09889 | BTIN-BK-9889 | 20/03/2026 | 363.00 | 15/12/2022 | Books | B09889 | 14 | 6 | 12/03/2026 | ||||||
| Smt. Bakul Tambat Institute of Nursing Education | Smt. Bakul Tambat Institute of Nursing Education | 17/12/2022 | Patil Medical Book House | 550.00 | 7413 | SO 301 PRA B09890 | BTIN-BK-9890 | 21/03/2026 | 363.00 | 15/12/2022 | Books | B09890 | 10 | 2 | 07/04/2026 | 21/03/2026 |